000 01161pam a2200301 a 4500
999 _c7702
_d7702
001 4035880
003 GZU
005 20210512095505.0
008 980925s1999 maua b 001 0 eng
010 _a 98046610
020 _a1858987490
040 _aDLC
_cDLC
_dDLC
050 0 0 _aHG4523
_b.MIC 1999
082 0 0 _a332.63/2
_221
245 0 0 _aMicrostructure :
_bthe organization of trading and short term price behavior /
_cedited by Hans R. Stoll.
260 _aCheltenham, UK ;
_aNorthampton, Mass. :
_bEdward Elgar Pub.,
_cc1999.
300 _a2 v. :
_bill. ;
_c25 cm.
440 4 _aThe international library of critical writings in financial economics ;
_v4
440 3 _aAn Elgar reference collection
504 _aIncludes bibliographical references and index.
650 0 _aCapital market
_xMathematical models.
650 0 _aSecurities
_xPrices
_xMathematical models.
700 1 _aStoll, Hans R.
906 _a7
_bcbc
_corignew
_d1
_eocip
_f19
_gy-gencatlg
942 _2lcc
_cBK
_h4523
_iMIC
_kHG